Top 100 Greatest Films - Statistics

General Stats
  • This quiz has been taken 175 times
  • The average score is 19 of 100
Answer Stats
# Release Year Film % Correct
2 1972 The Godfather
84%
1 1994 The Shawshank Redemption
65%
3 2008 The Dark Knight
60%
7 1974 The Godfather Part II
60%
13 1994 Forrest Gump
59%
9 1994 Pulp Fiction
53%
11 2010 Inception
51%
16 2014 Interstellar
47%
4 1993 Schindler's List
47%
8 2001 The Lord of the Rings: The Fellowship of the Ring
44%
12 1999 Fight Club
42%
50 1942 Casablanca
40%
83 2023 Oppenheimer
39%
25 1995 Seven
38%
36 2000 Gladiator
36%
6 1952 12 Angry Men
35%
48 1960 Psycho
33%
95 1995 Toy Story
33%
17 1990 GoodFellas
32%
38 2019 Parasite
32%
64 1980 The Shining
32%
18 1999 The Matrix
31%
26 1998 Saving Private Ryan
30%
43 2012 Django Unchained
29%
27 1999 The Green Mile
28%
91 1968 2001: A Space Odyssey
27%
35 2006 The Departed
27%
22 1991 The Silence of the Lambs
27%
57 1979 Apocalypse Now
25%
15 1966 The Good, the Bad and the Ugly
25%
42 1985 Back to the Future
24%
61 2019 Joker
23%
19 1975 One Flew Over the Cuckoo's Nest
22%
29 2001 Spirited Away
22%
68 1981 Raiders of the Lost Ark
21%
37 1979 Alien
20%
85 1999 American Beauty
19%
59 2019 Avengers: Endgame
19%
66 2000 Memento
19%
92 1992 Reservoir Dogs
19%
32 1954 Seven Samurai
19%
47 1994 The Lion King
19%
63 2012 The Dark Knight Rises
18%
49 2002 The Pianist
18%
52 1954 Rear Window
17%
96 1962 Lawrence of Arabia
16%
99 1952 Singin' in the Rain
16%
28 1991 Terminator 2: Judgment Day
16%
5 2003 The Lord of the Rings: Return of the King
16%
41 2006 The Prestige
16%
97 2010 Toy Story 3
16%
73 2008 WALL E
16%
84 1997 Good Will Hunting
15%
58 2009 Inglorious Basterds
15%
65 2018 Avengers: Infinity War
14%
33 1946 It's a Wonderful Life
14%
39 2014 Whiplash
14%
60 1986 Aliens
12%
30 2002 City of God
12%
14 2002 The Lord of the Rings: The Two Towers
12%
44 1995 The Usual Suspects
12%
88 1995 Braveheart
10%
23 2023 Spider-man: Across the Spider-Verse
10%
62 1984 Amadeus
9%
56 1931 City Lights
9%
90 1984 Once Upon a Time in America
9%
70 1988 Spiderman: Into the Spider-Verse
9%
78 1950 Sunset Blvd.
9%
40 1994 Leon
8%
45 1968 Once Upon a Time in the West
8%
89 2004 Eternal Sunshine of the Spotless Mind
7%
53 1988 Grave of the Fireflies
7%
31 1997 Life Is Beautiful
7%
98 1997 Princess Mononoke
7%
87 2003 Oldboy
6%
46 1998 American History X
5%
54 1988 Cinema Paradiso
5%
55 1936 Modern Times
5%
79 1957 Paths of Glory
5%
81 1940 The Great Dictator
5%
71 2017 Coco
4%
67 1985 Come and See
4%
21 2024 Dune: Part Two
4%
34 1962 Harakiri
3%
80 1957 Witness for the Prosecution
3%
10 2023 12th Fail
2%
72 2009 3 Idiots
2%
77 1981 Das Boot
2%
82 1963 High and Low
2%
100 1952 Ikiru
2%
86 2000 Requiem for a Dream
2%
24 1977 Star Wars: Episode IV - A New Hope
2%
94 1983 Star Wars: Episode VI - Return of the Jedi
2%
20 1980 Star Wars: Episode V - The Empire Strikes Back
2%
93 2012 The Hunt
2%
75 2006 The Lives of Others
2%
51 2011 Untouchable
2%
69 2016 Your Name.
2%
76 2018 Capernaum
1%
74 1964 Dr. Strangelove or: How I Learned to Stop Worrying and Love the Bomb
0%
No matching quizzes found
Score Distribution
Percent of People with Each Score
Percentile by Number Answered
Your Score History
You have not taken this quiz